| 000 | 00658nam a22002057a 4500 | ||
|---|---|---|---|
| 003 | OSt | ||
| 005 | 20260422020223.0 | ||
| 008 | 251125b |||||||| |||| 00| 0 eng d | ||
| 020 | _a0-17-641442-8 | ||
| 040 |
_aDWCL-Main lib _cOC |
||
| 082 |
_21st Canadian ed. _aCirc. 614.1 W953f 2006 |
||
| 100 | _aWrigthsman, Lawrence S. | ||
| 245 |
_aForensic Psychology _cWrigthsman, Lawrence S. |
||
| 260 |
_aCanada : _bThomson/Nelson, _cc2006. |
||
| 300 |
_axvii, 400 pages ; _c24 cm. |
||
| 504 | _aIncludes bibliographical references and index. | ||
| 650 | _21. Forensic psychology. | ||
| 700 | _aPorter, Stephen | ||
| 942 |
_2ddc _cBK-CIRC _e1st Canadian ed. _kCirc. _n0 |
||
| 999 |
_c6285 _d6285 |
||